الاحتلال الأمريكي و مستقبل العراق / (رقم التسجيلة. 9146)
[ عرض عادي ]
| 000 -LEADER | |
|---|---|
| fixed length control field | 00572nam a22001817a 4500 |
| 005 - DATE AND TIME OF LATEST TRANSACTION | |
| control field | 20251108164321.0 |
| 008 - FIXED-LENGTH DATA ELEMENTS--GENERAL INFORMATION | |
| fixed length control field | 250721s2012 xx 000 0 ara d |
| 082 14 - DEWEY DECIMAL CLASSIFICATION NUMBER | |
| Classification number | 956.3/خفا |
| 100 1# - MAIN ENTRY--PERSONAL NAME | |
| Personal name | الخفاجي، سامي |
| 245 10 - TITLE STATEMENT | |
| Title | الاحتلال الأمريكي و مستقبل العراق / |
| 264 1# - PRODUCTION, PUBLICATION, DISTRIBUTION, MANUFACTURE, AND COPYRIGHT NOTICE | |
| Place of production, publication, distribution, manufacture | عمن : |
| Name of producer, publisher, distributor, manufacturer | دار آمنة للنشر والتوزيع، |
| Date of production, publication, distribution, manufacture, or copyright notice | 2012. |
| 300 ## - PHYSICAL DESCRIPTION | |
| Extent | 315ص. |
| 650 17 - SUBJECT ADDED ENTRY--TOPICAL TERM | |
| Topical term or geographic name as entry element | تاريخ العراق |
| 650 17 - SUBJECT ADDED ENTRY--TOPICAL TERM | |
| Topical term or geographic name as entry element | الولايات المتحدة |
| 650 17 - SUBJECT ADDED ENTRY--TOPICAL TERM | |
| Topical term or geographic name as entry element | الاحتلال العسكري |
| 942 ## - ADDED ENTRY ELEMENTS (KOHA) | |
| Source of classification or shelving scheme | Dewey Decimal Classification |
| Koha item type | كتب |
| حالة السحب | حالة الفقدان | مصدر التصنيف | حالة التلف | غير قابل للإعارة | المكتبة الرئيسية | المكتبة الحالية | موقع الرف | تاريخ التزويد | الرقم المتسلسل | Total Checkouts | رقم الإستدعاء | الباركود | تاريخ آخر ظهور | تاريخ الفاتورة | نوع المادة (كوها) |
|---|---|---|---|---|---|---|---|---|---|---|---|---|---|---|---|
| Dewey Decimal Classification | مكتبة أبو علندا العامة | مكتبة أبو علندا العامة | الإعارة | 10/01/2012 | 1506833 | 956.3/خفا | PLD00236946 | 28/07/2025 | 10/01/2012 | كتب | |||||
| Dewey Decimal Classification | مكتبة أم قصير والمقابلين العامة | مكتبة أم قصير والمقابلين العامة | الإعارة | 10/01/2012 | 1506828 | 956.3/خفا | PLD00236941 | 28/07/2025 | 10/01/2012 | كتب | |||||
| Dewey Decimal Classification | مكتبة الأميرة ايمان العامة | مكتبة الأميرة ايمان العامة | الإعارة | 10/01/2012 | 1506832 | 956.3/خفا | PLD00236945 | 28/07/2025 | 10/01/2012 | كتب | |||||
| Dewey Decimal Classification | مكتبة الاميرة بديعة | مكتبة الاميرة بديعة | الإعارة | 10/01/2012 | 1506830 | 956.3/خفا | PLD00236943 | 28/07/2025 | 10/01/2012 | كتب | |||||
| Dewey Decimal Classification | مكتبة الجويدة | مكتبة الجويدة | الإعارة | 10/01/2012 | 1506829 | 956.3/خفا | PLD00236942 | 28/07/2025 | 10/01/2012 | كتب | |||||
| Dewey Decimal Classification | مكتبة النصر العامة | مكتبة النصر العامة | الإعارة | 10/01/2012 | 1506834 | 956.3/خفا | PLD00236947 | 28/07/2025 | 10/01/2012 | كتب | |||||
| Dewey Decimal Classification | مكتبة حمزة العامة | مكتبة حمزة العامة | الإعارة | 10/01/2012 | 1506835 | 956.3/خفا | PLD00236948 | 28/07/2025 | 10/01/2012 | كتب | |||||
| Dewey Decimal Classification | مكتبة وادي السير العامة | مكتبة وادي السير العامة | الإعارة | 10/01/2012 | 1506831 | 956.3/خفا | PLD00236944 | 28/07/2025 | 10/01/2012 | كتب |